000 01175cam a22003737a 4500
003 CHAP
005 20220817042417.0
008 990810d1985 it a r 00010 spa d
010 _a43864
011 _a44836
035 _a48975
040 _cCHAP
082 _a658.312404
_bF3Y v.6
110 2 _aFAO
245 1 0 _aMétodos sencillos para la acuicultura :
_bsuelo y piscicultura de agua dulce
_c/por A.G. Coche
260 _aRoma :
_bFAO,
_c1985.
300 _a173 p. :
_bilus.
410 _aFAO
490 0 _aCapacitación
_v; 6
590 _aBATCH-UPD
_b10
_c20130110
_lUCH01
_h1329
590 _aBATCH-UPD
_b10
_c20130410
_lUCH01
_h0835
590 _aBATCH-UPD
_b10
_c20130914
_lUCH01
_h0954
590 _aCONVERSION
_b10
_c20130109
_lUCH01
_h1324
650 1 4 _aAgua dulce.
_92422
650 1 4 _aPiscicultura.
_988531
650 1 4 _aSuelos
_xAnálisis.
_9110204
650 1 4 _aSuelos
_xClasificación.
_9110239
700 0 _aCoche, André G.
_924205
810 0 _aFAO
830 0 _aCapacitación
_v; 6
_918691
901 _aBK
942 _cLIBRO
949 _a658.312404 F3Y v.6
_bBC
_cFAO
_d33724000734760
_eFAO1
_h68849
_i48975
_mfalta cambiar la clasificaciØn en fŁsico
_sb
999 _c43864
_d43864